LEADER 01370nas a2200277 u 4500 001 000000069625 003 CaOOAMICUS 005 20150116141712.0 008 020417d19802012it ar u0 u0ita r 035 $a10926883 040 $aDAI$bita$dPUL 130 0 $aAnnali della Facoltą di lettere e filosofia (Universitą degli studi di Siena)$aAnnali della Facoltą di lettere e filosofia$g[Spogli].$0(OLS)http://pul/title/91925 245 10$aAnnali della Facoltą di lettere e filosofia /$cUniversitą di Siena. 260 $aFirenze :$bL.S. Olschki,$c1986-2012. 300 $av. ;$c24 cm 310 $aJährlich 362 0 $aVol. 6 (1985)-v. 33 (2012). 500 $aBeschreibung basiert auf Bd. 6, 1985. 710 2 $aUniversitą degli studi di Siena.$bFacoltą di lettere e filosofia.$0(OLS)http://pul/name/605 785 00$tAnnali di studi umanistici.$dFiesole (Firenze) : Cadmo, 2013-$x0392-9345$w()141227 850 $aPUL 852 $aPUL$W1$xDP1 Riviste Correnti$y15$mDP 353 B$j90111$nSE-PRI$bV.6 (1985)-v.17 (1996), v.20 (1999)-v.21 (2000), v.23 (2002)-v.33 (2012).$qPeriodici$B90111$CPULBib$Z2$F90111 $82 941 1 $a5 961 $aPrecedente collocazione delle annate correnti: 2-36. 996 $6245$aAnnali della Facoltą di lettere e filosofia$9(OLS)http://pul/title/91926 996 $6260$aFirenze :$bL.S. Olschki$9(OLS)http://pul/publisher/47916 LEADER 01427nam a2200325 a 4500 001 000000176001 003 CaOOAMICUS 005 20230721164049.0 008 230721s2022 nyu u000 u eng r 020 $a978-1-03-219180-5 032 $aLibriCat 040 $aPUL$bita 082 04$a189 100 1 $aDi Ceglie, Roberto.$0(OLS)http://pul/name/53965 245 10$aAquinas on faith, reason, and charity /$cRoberto Di Ceglie. 260 $aNew York ;$aLondon :$bRoutledge,$c2022. 300 $aviii, 196 pagine ;$c23 cm 490 1 $aRoutledge studies in the philosophy of religion ;$v 504 $aBibliografia: pagine [183]-191. 600 04$aThomas Aquinas,$cs.,$dc. 1225-1274$xTeologia.$0(OLS)http://pul/subject/9426 600 04$aThomas Aquinas,$cs.,$dc. 1225-1274$xFilosofia.$0(OLS)http://pul/subject/1465 830 0$aRoutledge studies in the philosophy of religion ;$v.$0(OLS)http://pul/title/152604 850 $aPUL 852 $aPUL$W1$xSL Filosofia 3$y81$m189 DICRO 1$j200169$qDDC 21$B204951$CPULBib$Z2$F204951 $H136401 $81 941 1 $a9 996 $6020$a978-1-03-219180-5$9(OLS)http://pul/number/169241 996 $6082$a189$9(OLS)http://pul/classification/439 996 $6245$aAquinas on faith, reason, and charity$9(OLS)http://pul/title/217495 996 $6260$aNew York ;$aLondon :$bRoutledge$9(OLS)http://pul/publisher/74387